Standards for ecoregional planning (Registro nro. 6308)

Detalles MARC
000 -CABECERA
Campo de control 00422nam a2200145 a 4500
090 ## - CLASIFICACIÓN LOCAL
Colección LB
Consecutivo 05283
041 ## - IDIOMA
Código de idioma para texto/pista de sonido o título separado Inglés
245 ## - MENCION DE TITULO
Título Standards for ecoregional planning
Parte restante del título Lessons learned in Latin America and the Caribean under the parks in Peril Program
260 ## - PUBLICACION, DISTRIBUCION, ETC. (PIE DE IMPRENTA)
Lugar de publicación, distribución, etc. Arlington
Nombre del editor, distribuidor, etc. Nature Conservancy
Fecha de publicación, distribución, etc. 2007
300 ## - DESCRIPCION FISICA
Extensión 16 p.
662 ## - ASIENTO SECUNDARIO DE MATERIA - JERARQUIA DEL NOMBRE DE LUGAR(
Jurisdicción política intermedia América Latina
662 ## - ASIENTO SECUNDARIO DE MATERIA - JERARQUIA DEL NOMBRE DE LUGAR(
Jurisdicción política intermedia Región Caribe
942 ## - ELEMENTOS ADICIONALES (KOHA)
Tipo de ítem
945 ## - PROCESAMIENTO LOCAL
AAAA-MM-DD - Fecha de ingreso o modificacion 2008-06-12
Existencias
Withdrawn status Lost status Sistema de Clasificación Damaged status No para préstamo Colección Ubicación Permanente Ubicación actual Fecha de adquisición Total Checkouts Número topográfico Inventario / Código de Barras Date last seen Ejemplar Price effective from Tipo de material Public note
    Dewey Decimal Classification     General Villa de Leyva Villa de Leyva 12/06/2008   LB-05283 024171 04/12/2012 Ej. 2 04/12/2012 Folleto  
    Dewey Decimal Classification     General Villa de Leyva Villa de Leyva 12/06/2008   LB-05283 024172 04/12/2012 Ej. 1 04/12/2012 Folleto Standards for ecoregional planning